00716nam a2200169 a 450000100100000000500170001000800410002704000250006808200150009310000300010824500750013826000360021330000210024950400730027095201860034399900170052900003530620200930074239.0111027s1963 ag 000 0 spa d aDO-SdBNPbspacBNPHU axxxxbxxxx1 aVillegas, Abelardo96107510aPanorama de la filosofía iberoamericana actual /cAbelardo Villegas. aBuenos Aires, :bEUDEBA,c1963. a112 p. ;c18 cm. aIncluye referencias bibliográficas y notas al pie de las páginas 001050718RVaGRbGRcHDd2011-10-27iLF1l0oxxxx xxxxp35306-10r2020-06-25w2020-06-25y1zPerteneció a la biblioteca personal de Juan Isidro Jimenes Grullón.ZNo se presta c34797d34797